Central Library OPAC University of Rajshahi

الخطابات الأحمدية في العرب وسيرة المحمدية ;; alkhitabat al'ahmadiat fi alearab wasirat almuhamadia / (Record no. 83522)

MARC details
000 -LEADER
fixed length control field 00745nam a2200205 4500
001 - CONTROL NUMBER
control field 83522
003 - CONTROL NUMBER IDENTIFIER
rucl marc code BD-RjUL
005 - DATE AND TIME OF LATEST TRANSACTION
control field 20240417115329.0
008 - FIXED-LENGTH DATA ELEMENTS--GENERAL INFORMATION
fixed length control field 240417b |||||||| |||| 00| 0 eng d
035 ## - SYSTEM CONTROL NUMBER
System control number (BD-RjUL)83522
040 ## - CATALOGING SOURCE
Original cataloging agency BD-RjUL
Language of cataloging eng
Transcribing agency BD-RjUL
041 ## - LANGUAGE CODE
Language code of text/sound track or separate title urd
082 ## - DEWEY DECIMAL CLASSIFICATION NUMBER
Edition number 23
Classification number 891.43908
Author mark and year BAK 195?
100 ## - MAIN ENTRY--PERSONAL NAME
Personal name بهادر, سيد احمد خان ;; Bahadur, Syed Ahmed Khan
9 (RLIN) 12599
245 ## - TITLE STATEMENT
Title الخطابات الأحمدية في العرب وسيرة المحمدية ;; alkhitabat al'ahmadiat fi alearab wasirat almuhamadia /
Statement of responsibility, etc. سيد احمد خان بهادر ;; Syed Ahmed Khan Bahadur
260 ## - PUBLICATION, DISTRIBUTION, ETC. (IMPRINT)
Place of publication, distribution, etc. Lahore :
Name of publisher, distributor, etc. Muslim press,
Date of publication, distribution, etc. 195?
300 ## - PHYSICAL DESCRIPTION
Pagination 448 p. ;
Size 23 cm
650 ## - SUBJECT ADDED ENTRY--TOPICAL TERM
Topical term or geographic name as entry element Lecture
9 (RLIN) 12600
942 ## - ADDED ENTRY ELEMENTS (KOHA)
Source of classification or shelving scheme Dewey Decimal Classification
Koha item type Books
Holdings
Lost status Source of classification or shelving scheme Damaged status Not for loan Collection code Permanent Location Current Location Shelving location Date acquired Total Checkouts Full call number Date last seen Copy number Koha item type
  Dewey Decimal Classification   Not For Loan Non-fiction Central Library, University of Rajshahi Central Library, University of Rajshahi Reading Room 17/04/2024   U 891.43908 BAK 195? 17/04/2024 C-1 Books